[Event "Hastings Masters op"]
[Site "Hastings"]
[Date "2023.01.06"]
[Round "10"]
[White "Dhanuka, Aman"]
[Black "Kelly, Paul J"]
[Result "1/2-1/2"]
[WhiteElo "1194"]
[BlackElo "1842"]
[PlyCount "142"]
[EventDate "2022.12.28"]
[EventType "swiss"]
[EventRounds "10"]
[EventCountry "ENG"]
[SourceTitle "CBM 212 Extra"]
[Source "ChessBase"]
[SourceDate "2023.03.31"]
[SourceVersion "1"]
[SourceVersionDate "2023.03.31"]
[SourceQuality "1"]

1. e4 e5 2. Nf3 Nc6 3. Nc3 Nf6 4. d4 exd4 5. Nxd4 Bb4 6. Nxc6 Bxc3+ 7. bxc3 bxc6 8. Ba3 d6 9. Bd3 0-0 10. 0-0 Re8 11. Re1 Bb7 12. Rb1 Rb8 13. f4 Ba8 14. Rxb8 Qxb8 15. e5 Nd5 16. exd6 Rxe1+ 17. Qxe1 cxd6 18. c4 Nxf4 19. Qe3 Nxd3 20. Qxd3 c5 21. Qd2 Qb1+ 22. Kf2 Qb7 23. Kg1 Qe4 24. Bxc5 Qxg2+ 25. Qxg2 Bxg2 26. Bxa7 Be4 27. Bb8 Bxc2 28. Bxd6 f5 29. Kf2 Kf7 30. Kf3 Ke6 31. c5 g5 32. Kg3 h5 33. Kf3 h4 34. h3 Be4+ 35. Kf2 Bc6 36. Bc7 f4 37. Bd8 Kf5 38. Be7 Bd7 39. Bd8 Kg6 40. Kg2 Kh5 41. Bc7 Bc6+ 42. Kf2 f3 43. a4 Bd7 44. Kxf3 Bxh3 45. a5 Bd7 46. a6 Bc6+ 47. Kf2 Kg4 48. Bd8 Kf5 49. Be7 Kf4 50. Bd8 Kg4 51. Be7 Kh5 52. Bd8 g4 53. Bc7 Kg5 54. Bd8+ Kh5 55. Bc7 Kg6 56. Bd6 Kf5 57. Bc7 Ke4 58. Bb8 Kd4 59. Bd6 Kc4 60. Bc7 Kxc5 61. Bf4 Kb6 62. Be5 Kxa6 63. Bd6 Kb5 64. Bb8 Kc4 65. Bd6 Kd4 66. Bc7 Be4 67. Bb8 Kd5 68. Bc7 Ke6 69. Bb8 Kf5 70. Bc7 Bc6 71. Bb8 g3+ 1/2-1/2